| 000 | 00803cab a2200253 4500 | ||
|---|---|---|---|
| 001 | ABS58110 | ||
| 008 | 090401t1997 xxu||||| |||| 00| 0 eng d | ||
| 035 | _a(Sirsi) u82620 | ||
| 041 | _aeng | ||
| 245 | _aAlternative land use | ||
| 260 | _c1997 | ||
| 350 | _a0 | ||
| 490 |
_aFarm Development Review _v11(12) October 1997, (8) LOAN |
||
| 520 | _aArticles include Government energy decsions, sheep dairying advance, farmers` markets initiative, supporting rural businesses, national woodland inventory, and farm machinery register. | ||
| 650 | _aALTERNATIVE LAND USE | ||
| 650 | _aENERGY SOURCES | ||
| 650 | _aFARM MACHINERY | ||
| 650 | _aRURAL BUSINESSES | ||
| 650 | _aSHEEP DAIRYING | ||
| 650 | _aWOODLAND MANAGEMENT | ||
| 690 | _aRURAL PRACTICE | ||
| 942 | _n0 | ||
| 948 | _c10/12/1997 | ||
| 999 |
_c52188 _d52188 |
||